Engineering economy /
Guardado en:
| Otros Autores: | |
|---|---|
| Formato: | Libro |
| Idioma: | English |
| Publicado: |
Upper Saddle River, N.J. :
Prentice Hall,
c1997.
|
| Edición: | 10th ed. |
| Materias: | |
| Etiquetas: |
Agregar Etiqueta
Sin Etiquetas, Sea el primero en etiquetar este registro!
|
| LEADER | 00874pam a22002295a 4500 | ||
|---|---|---|---|
| 001 | EIQ.libpla001476 | ||
| 008 | 960528s1997####njua#####b####001#0#eng#d | ||
| 005 | 20061023172951.0 | ||
| 245 | 0 | 0 | |a Engineering economy / |c E. Paul DeGarmo ... [et al.]. |
| 250 | |a 10th ed. | ||
| 260 | |a Upper Saddle River, N.J. : |b Prentice Hall, |c c1997. | ||
| 300 | |a xx, 647 p. : |b il. (algunas col.) ; |c 24 cm. | ||
| 500 | |a Rev. ed. of: Engineering economy / E. Paul DeGarmo, William G. Sullivan, James A. Bontadelli. 9th ed. c1993. | ||
| 504 | |a Incluye referencias bibliográficas (p. 631-633) e índice. | ||
| 020 | |z 0133921935 | ||
| 700 | 1 | |a DeGarmo, E. Paul |q (Ernest Paul), |d 1907- | |
| 082 | 0 | 0 | |a 658.15/5 |2 20 |
| 650 | 4 | |a Ingeniería |x Economía. | |
| 650 | 4 | |a Engineering |x Economy. | |
| 010 | |a 96026501 | ||
| 040 | |a DLC |c DLC |d AR-BbSID | ||
| 859 | |a AR-BbSID |b BIB. PLAPIQUI |h 658.155 |i En 27 |p 4561 | ||
